[Event "TechM GCL 2025"]
[Site "Mumbai IND"]
[Date "2025.12.21"]
[Round "8.3"]
[White "Daneshvar, Bardiya"]
[Black "Mendonca, Leon Luke"]
[Result "1-0"]
[WhiteTitle "GM"]
[BlackTitle "GM"]
[WhiteElo "2600"]
[BlackElo "2615"]
[WhiteTeam "Upgrad Mumba Masters"]
[BlackTeam "Alpine SG Pipers"]
[WhiteFideId "12576468"]
[BlackFideId "35028561"]
[EventDate "2025.12.14"]

1. e4 e6 2. d4 d5 3. Nc3 Nf6 4. e5 Nfd7 5. f4 c5 6. Nf3 Nc6 7. Be3 a6 8. a3 cxd4
9. Nxd4 Bc5 10. Qd2 Nxd4 11. Bxd4 Qc7 12. Qe3 b5 13. Bd3 Bxd4 14. Qxd4 Qb6 15.
Ne2 Qxd4 16. Nxd4 Nc5 17. Kd2 Bd7 18. h4 h5 19. Ke3 g6 20. Ne2 Ke7 21. Nc3 Rhc8
22. Kd4 Rc7 23. b4 Na4 24. Ne2 Rac8 25. Ke3 Rh8 26. Kd2 Bc8 27. Rag1 Bb7 28. Nd4
Nb6 29. Ra1 Na4 30. Rh3 Rcc8 31. Rg1 Rh6 32. Be2 Rch8 33. Rgh1 Nb6 34. Rc3 Rc8
35. Rxc8 Bxc8 36. Nb3 Na4 37. Ke3 Bd7 38. Kd4 Rh8 39. Bd3 Kd8 40. Nc5 Nxc5 41.
Kxc5 Kc7 42. Rb1 Ra8 43. Rb3 Ra7 44. Be2 Ra8 45. Rh3 Bc6 46. g4 hxg4 47. Bxg4 a5
48. Be2 axb4 49. axb4 Ra2 50. Bd3 Be8 51. h5 gxh5 52. Rxh5 Kd8 53. f5 exf5 54.
Rxf5 Ke7 55. Rf6 Ra7 56. Rb6 Rc7+ 57. Kxd5 Bd7 58. Kd4 Be8 59. Rb8 Bd7 60. c3
Bc6 61. Bxb5 Bf3 62. Re8# 1-0

[Event "TechM GCL 2025"]
[Site "Mumbai IND"]
[Date "2025.12.21"]
[Round "9.1"]
[White "Anand, Viswanathan"]
[Black "Firouzja, Alireza"]
[Result "0-1"]
[WhiteTitle "GM"]
[BlackTitle "GM"]
[WhiteElo "2743"]
[BlackElo "2762"]
[WhiteTeam "Ganges Grandmasters"]
[BlackTeam "Triveni Continental Kings"]
[WhiteFideId "5000017"]
[BlackFideId "12573981"]
[EventDate "2025.12.14"]

1. e4 c5 2. Nf3 d6 3. Bb5+ Nd7 4. O-O a6 5. Bxd7+ Bxd7 6. c3 Nf6 7. Re1 Bg4 8.
h3 Bh5 9. d4 cxd4 10. cxd4 e6 11. d5 e5 12. Qb3 Be7 13. Nfd2 Nd7 14. Nc3 b5 15.
Nf1 Nc5 16. Qc2 Rc8 17. a3 O-O 18. Be3 Bg6 19. Ng3 Qd7 20. f3 a5 21. Qd1 Bh4 22.
Bf2 a4 23. Rb1 Nb3 24. Qd3 Rc4 25. Rbd1 Rfc8 26. Rf1 h6 27. Nge2 Nc5 28. Qd2 Bd8
29. Nc1 Ba5 30. N1a2 f5 31. exf5 Bxf5 32. Qe2 Nb3 33. Be3 Nd4 34. Qf2 Nc2 35.
Bb6 Bxb6 36. Qxb6 Nd4 37. Nb4 Bxh3 38. Nc6 Nxc6 39. dxc6 R8xc6 40. Qb8+ Kh7 41.
gxh3 Qxh3 42. Rd2 b4 43. axb4 a3 44. b5 Rc8 45. Qxd6 axb2 46. Qd3+ Kh8 47. Ne4
Rb4 48. Qb1 Qxf1+ 0-1

[Event "TechM GCL 2025"]
[Site "Mumbai IND"]
[Date "2025.12.21"]
[Round "9.1"]
[White "Keymer, Vincent"]
[Black "Wei, Yi"]
[Result "1/2-1/2"]
[WhiteTitle "GM"]
[BlackTitle "GM"]
[WhiteElo "2776"]
[BlackElo "2754"]
[WhiteTeam "Ganges Grandmasters"]
[BlackTeam "Triveni Continental Kings"]
[WhiteFideId "12940690"]
[BlackFideId "8603405"]
[EventDate "2025.12.14"]

1. c4 Nf6 2. Nc3 e5 3. Nf3 Nc6 4. e3 Bb4 5. Qc2 Bxc3 6. Qxc3 Qe7 7. Be2 O-O 8.
O-O d5 9. d3 e4 10. dxe4 dxe4 11. Nd4 Bg4 12. Nxc6 bxc6 13. Qe1 Qe6 14. b3 Bf3
15. gxf3 Qh3 16. Bb2 exf3 17. Bxf3 Ng4 18. Bxg4 Qxg4+ 19. Kh1 Qf3+ 20. Kg1 Qg4+
21. Kh1 Qf3+ 22. Kg1 Qg4+ 23. Kh1 1/2-1/2

[Event "TechM GCL 2025"]
[Site "Mumbai IND"]
[Date "2025.12.21"]
[Round "9.1"]
[White "Sindarov, Javokhir"]
[Black "Vidit, Santosh Gujrathi"]
[Result "1-0"]
[WhiteTitle "GM"]
[BlackTitle "GM"]
[WhiteElo "2726"]
[BlackElo "2708"]
[WhiteTeam "Ganges Grandmasters"]
[BlackTeam "Triveni Continental Kings"]
[WhiteFideId "14205483"]
[BlackFideId "5029465"]
[EventDate "2025.12.14"]

1. e4 e5 2. Nf3 Nc6 3. Bc4 Bc5 4. c3 Nf6 5. d3 d6 6. Bg5 h6 7. Bh4 a6 8. a4 Ba7
9. Nbd2 g5 10. Bg3 O-O 11. O-O Kg7 12. Re1 g4 13. Bh4 Ne7 14. Bxf6+ Kxf6 15. Nh4
Ng6 16. Nf5 Bxf5 17. exf5 Kxf5 18. d4 d5 19. Bd3+ e4 20. Bxe4+ dxe4 21. Nxe4 Nh4
22. h3 Kg6 23. hxg4 f5 24. Ng3 Qg5 25. gxf5+ Kh7 26. Re4 Rg8 27. Qd3 Rae8 28. f6
Rxe4 29. Qxe4+ Ng6 30. Qxb7 Bb8 31. Qc6 Nf4 32. Re1 Qd5 33. Re7+ Kh8 34. Qxd5
Nxd5 35. Re6 a5 36. f7 Rf8 37. Nh5 Rxf7 38. Re8+ Kh7 39. Rxb8 Nb6 40. Ng3 Nxa4
41. Rb5 Re7 42. Kf1 c6 43. Rb8 c5 44. d5 c4 45. d6 Rd7 46. Ne4 Kg6 47. g4 h5 48.
gxh5+ Kf5 49. f3 Kf4 50. Kf2 Rh7 51. Rb5 Nxb2 52. Rxb2 Rxh5 53. Rd2 1-0

[Event "TechM GCL 2025"]
[Site "Mumbai IND"]
[Date "2025.12.21"]
[Round "9.1"]
[White "Shuvalova, Polina"]
[Black "Zhu, Jiner"]
[Result "0-1"]
[WhiteTitle "IM"]
[BlackTitle "GM"]
[WhiteElo "2502"]
[BlackElo "2579"]
[WhiteTeam "Ganges Grandmasters"]
[BlackTeam "Triveni Continental Kings"]
[WhiteFideId "24171760"]
[BlackFideId "8608059"]
[EventDate "2025.12.14"]

1. e4 e5 2. Nf3 Nc6 3. Bc4 Bc5 4. d3 Nf6 5. O-O d6 6. c3 a5 7. Re1 O-O 8. h3 h6
9. Nbd2 Be6 10. Bb5 Bb6 11. Nf1 Ne7 12. d4 exd4 13. Nxd4 Ng6 14. Ng3 Bd7 15. Bd3
Re8 16. Bc2 a4 17. f4 Nh7 18. Be3 Ra5 19. Qf3 Nhf8 20. Qf2 Kh8 21. Rad1 f6 22.
Kh2 Qe7 23. Bd3 Qf7 24. b4 Raa8 25. a3 Ne7 26. Bb1 Bxd4 27. cxd4 f5 28. e5 Be6
29. Rc1 Rac8 30. Bd2 Bd5 31. Re3 Nfg6 32. Nh5 Red8 33. Rg1 Be6 34. g4 dxe5 35.
fxe5 Rxd4 36. Bc3 Rdd8 37. gxf5 Nxf5 38. Rf3 Ngh4 39. Qxh4 Nxh4 40. Rxf7 Bxf7
41. Rxg7 Bxh5 42. e6 Rd2+ 43. Kg1 Nf3+ 44. Kf1 Nh2+ 45. Kg1 Nf3+ 46. Kf1 Rd1+
47. Kf2 Nd4 48. Rd7 Rf8+ 49. Ke3 Rf3+ 50. Ke4 Rxc3 51. Rd8+ Kg7 52. e7 Re1+ 53.
Kxd4 Rcc1 54. Bd3 Rxe7 0-1

[Event "TechM GCL 2025"]
[Site "Mumbai IND"]
[Date "2025.12.21"]
[Round "9.1"]
[White "Tsolakidou, Stavroula"]
[Black "Kosteniuk, Alexandra"]
[Result "0-1"]
[WhiteTitle "IM"]
[BlackTitle "GM"]
[WhiteElo "2479"]
[BlackElo "2483"]
[WhiteTeam "Ganges Grandmasters"]
[BlackTeam "Triveni Continental Kings"]
[WhiteFideId "4264312"]
[BlackFideId "4128125"]
[EventDate "2025.12.14"]

1. e4 c6 2. d4 d5 3. e5 c5 4. Nf3 Bg4 5. dxc5 Nc6 6. c3 a6 7. Be3 Nxe5 8. Nbd2
Nc6 9. Qa4 Bd7 10. Qb3 Nf6 11. Qxb7 e5 12. Qb3 Be7 13. h3 O-O 14. Be2 Rb8 15.
Qc2 d4 16. Bg5 dxc3 17. bxc3 Bxc5 18. O-O h6 19. Bxf6 Qxf6 20. Ne4 Qe7 21. Bxa6
Ba3 22. Bc4 Kh8 23. Rab1 f5 24. Ng3 e4 25. Nd4 Nxd4 26. cxd4 Bd6 27. Rxb8 Bxb8
28. Re1 Qd6 29. d5 Rc8 30. Qe2 e3 31. Qxe3 f4 32. Qe4 fxg3 33. Bd3 gxf2+ 34.
Kxf2 Ba7+ 0-1

[Event "TechM GCL 2025"]
[Site "Mumbai IND"]
[Date "2025.12.21"]
[Round "9.1"]
[White "Sadhwani, Raunak"]
[Black "Maurizzi, MarcAndria"]
[Result "1/2-1/2"]
[WhiteTitle "GM"]
[BlackTitle "GM"]
[WhiteElo "2638"]
[BlackElo "2611"]
[WhiteTeam "Ganges Grandmasters"]
[BlackTeam "Triveni Continental Kings"]
[WhiteFideId "35093487"]
[BlackFideId "36083534"]
[EventDate "2025.12.14"]

1. e4 e5 2. Nf3 Nc6 3. Bc4 Bc5 4. d3 Nf6 5. Nc3 a6 6. a4 d6 7. Be3 O-O 8. Bxc5
dxc5 9. Nd5 Qd6 10. Ne3 Be6 11. O-O Bxc4 12. Nxc4 Qe6 13. Ne3 Rad8 14. Nd2 b6
15. Re1 Rd7 16. Qf3 Nd4 17. Qg3 Nh5 18. Qh4 Nf4 19. g3 Ng6 20. Qh5 Ne7 21. Qd1
Rfd8 22. Nf3 Ndc6 23. Qe2 f6 24. Red1 Nd4 25. Nxd4 cxd4 26. Nc4 Nc6 27. Rf1 Nb4
28. f4 b5 29. axb5 axb5 30. Na3 c6 31. fxe5 fxe5 32. Qh5 Re7 33. Rf2 Rde8 34.
Raf1 h6 35. g4 Kh7 36. Qh4 Qg6 37. Kh1 Ra7 38. Rg2 Rf7 39. Rf5 Qe6 40. Qe1 g6
41. Rxf7+ Qxf7 42. Qxb4 Qf1+ 43. Rg1 Qf3+ 44. Rg2 Qf1+ 1/2-1/2

[Event "TechM GCL 2025"]
[Site "Mumbai IND"]
[Date "2025.12.21"]
[Round "9.2"]
[White "Artemiev, Vladislav"]
[Black "Giri, Anish"]
[Result "1/2-1/2"]
[WhiteTitle "GM"]
[BlackTitle "GM"]
[WhiteElo "2641"]
[BlackElo "2760"]
[WhiteTeam "Fyers American Gambits"]
[BlackTeam "Alpine SG Pipers"]
[WhiteFideId "24101605"]
[BlackFideId "24116068"]
[EventDate "2025.12.14"]

1. d4 Nf6 2. c4 g6 3. g3 Bg7 4. Bg2 O-O 5. Nc3 d6 6. Nf3 Nbd7 7. O-O e5 8. e4
Re8 9. h3 exd4 10. Nxd4 Nc5 11. Re1 a6 12. Bf4 Ne6 13. Be3 Rb8 14. Qd2 Nxd4 15.
Bxd4 Be6 16. Nd5 b5 17. cxb5 axb5 18. Nxf6+ Bxf6 19. Bxf6 Qxf6 20. b3 c5 21.
Qxd6 c4 22. e5 Qf5 23. Qb4 Red8 24. Rac1 Qd3 25. Bf1 Qf3 26. bxc4 bxc4 27. Qc3
Qa8 28. Bxc4 Rdc8 29. Qd3 Bxc4 30. Rxc4 Qxa2 31. Rxc8+ Rxc8 32. Qd7 Qe6 33. Qxe6
fxe6 34. h4 h5 35. Kg2 Rc3 36. Re4 Kg7 37. Kf1 Rc2 38. Ke1 Ra2 39. Re3 Rb2 40.
Re2 Rb3 41. Rd2 Rb5 42. f4 Rb3 43. Rd7+ Kf8 44. Kf2 Ra3 45. Rd2 Kf7 46. Re2 Rb3
47. Re3 Rb1 48. Ra3 Kf8 49. Ke3 Rb4 50. Kd3 Kf7 51. Rc3 Ra4 52. Rc7+ Kf8 53. Rc4
Ra3+ 54. Rc3 Ra4 55. Kc2 Kf7 56. Kb3 Rd4 57. Rc4 Rd3+ 58. Rc3 Rd4 59. Rc7+ Kf8
60. Kc3 Re4 61. Kd3 Ra4 62. Rc3 Kf7 63. Ke3 Kf8 64. Kf3 Ra1 65. Rc8+ Kf7 66.
Rc7+ Kf8 67. Rc3 Kf7 68. Rc2 Ra3+ 69. Kg2 Kf8 70. Rf2 Kf7 71. Rf3 Ra2+ 72. Kh3
Ra1 73. Rf2 Kg7 74. g4 Ra3+ 75. Kg2 hxg4 76. Rd2 Rf3 77. Rd7+ Kf8 78. Rd4 Kf7
79. Rb4 Kf8 80. Rb6 Kf7 81. Rb7+ Kf8 82. Rb6 Kf7 83. Rb7+ 1/2-1/2

[Event "TechM GCL 2025"]
[Site "Mumbai IND"]
[Date "2025.12.21"]
[Round "9.2"]
[White "Rapport, Richard"]
[Black "Praggnanandhaa, R"]
[Result "1/2-1/2"]
[WhiteTitle "GM"]
[BlackTitle "GM"]
[WhiteElo "2741"]
[BlackElo "2761"]
[WhiteTeam "Fyers American Gambits"]
[BlackTeam "Alpine SG Pipers"]
[WhiteFideId "738590"]
[BlackFideId "25059530"]
[EventDate "2025.12.14"]

1. e4 e5 2. Nf3 Nc6 3. Bb5 a6 4. Bxc6 dxc6 5. O-O Qf6 6. d4 exd4 7. Bg5 Qd6 8.
Nxd4 Be7 9. Be3 Nf6 10. f3 c5 11. Ne2 Be6 12. Nbc3 O-O-O 13. Nf4 Qc6 14. Qe2
Rhg8 15. Rfd1 g5 16. Rxd8+ Bxd8 17. Nxe6 fxe6 18. Bf2 Be7 19. Rd1 h5 20. b3 Nd7
21. Nb1 c4 22. Nd2 cxb3 23. Nxb3 Qa4 24. c3 Rd8 25. Rd4 Qb5 26. Qb2 Ne5 27. a4
Qxa4 28. Bg3 Rxd4 29. cxd4 Nc4 30. Qc3 Qb4 31. Be1 Qxc3 32. Bxc3 b5 33. Kf2 b4
34. Ba1 a5 35. Ke2 a4 36. Kd3 Na3 37. Nc5 Bxc5 38. dxc5 b3 39. Bf6 Kd7 40. Kc3
Nc2 41. Bxg5 Ne1 42. f4 Nxg2 43. f5 exf5 44. exf5 c6 45. h3 Ne1 46. Bf6 Nc2 47.
Be5 Ke7 48. Bh8 Ne3 49. Kb4 Nd1 50. Ka3 h4 51. Bd4 b2 52. Ka2 a3 53. Kb1 Kf7 54.
Ka2 Kg8 55. Kb1 Kh7 56. Ka2 Kh6 57. f6 Kg6 58. Kb1 Kf7 59. Ka2 Ke6 60. Kb1 Kf7
61. Ka2 Ke6 62. Kb1 Kf7 1/2-1/2

[Event "TechM GCL 2025"]
[Site "Mumbai IND"]
[Date "2025.12.21"]
[Round "9.2"]
[White "Assaubayeva, Bibisara"]
[Black "Hou, Yifan"]
[Result "0-1"]
[WhiteTitle "GM"]
[BlackTitle "GM"]
[WhiteElo "2497"]
[BlackElo "2613"]
[WhiteTeam "Fyers American Gambits"]
[BlackTeam "Alpine SG Pipers"]
[WhiteFideId "13708694"]
[BlackFideId "8602980"]
[EventDate "2025.12.14"]

1. e4 c5 2. Nf3 d6 3. d4 cxd4 4. Nxd4 Nf6 5. Nc3 Nc6 6. Bg5 Bd7 7. Qd2 a6 8.
O-O-O e6 9. f3 Be7 10. Kb1 b5 11. Nxc6 Bxc6 12. Bxf6 Bxf6 13. Qxd6 Qxd6 14. Rxd6
Rc8 15. Rd1 Ke7 16. Bd3 Bxc3 17. bxc3 Bd7 18. Kb2 Rc5 19. a4 Rb8 20. axb5 Bxb5
21. Bxb5 Rcxb5+ 22. Kc1 Rb1+ 23. Kd2 Rd8+ 24. Ke2 Rdxd1 25. Rxd1 Rxd1 26. Kxd1
Kd6 27. Kd2 Kc5 28. Kd3 e5 29. h4 h5 30. g4 g6 31. g5 a5 32. c4 Kb4 33. c5 Kxc5
34. Kc3 a4 35. Kb2 Kb4 0-1

[Event "TechM GCL 2025"]
[Site "Mumbai IND"]
[Date "2025.12.21"]
[Round "9.2"]
[White "Injac, Teodora"]
[Black "Batsiashvili, Nino"]
[Result "1/2-1/2"]
[WhiteTitle "IM"]
[BlackTitle "GM"]
[WhiteElo "2421"]
[BlackElo "2462"]
[WhiteTeam "Fyers American Gambits"]
[BlackTeam "Alpine SG Pipers"]
[WhiteFideId "932400"]
[BlackFideId "13602993"]
[EventDate "2025.12.14"]

1. Nf3 d5 2. g3 Nf6 3. Bg2 e6 4. O-O Bd6 5. d4 O-O 6. c4 Nbd7 7. b3 b6 8. Bb2
Bb7 9. Nc3 Re8 10. Qc2 c5 11. cxd5 exd5 12. Rad1 Qe7 13. dxc5 bxc5 14. Nh4 Qe6
15. Rfe1 Bf8 16. Qf5 Nb6 17. Nb5 Rac8 18. Bxf6 Qxf6 19. Qxf6 gxf6 20. Nf5 Red8
21. a4 a6 22. Nc3 a5 23. Ne3 d4 24. Bxb7 Rb8 25. Ne4 Rxb7 26. Nf5 Nd5 27. e3
Rxb3 28. exd4 c4 29. Rc1 Bb4 30. Re2 c3 31. Rec2 Ba3 32. Rd1 Bb2 33. Nc5 Ra3 34.
Ne3 Nb4 35. Re2 Ra1 36. Rxa1 Bxa1 37. Nb3 Bb2 38. Nc4 c2 39. Nxb2 Rxd4 40. Re1
Rd8 41. Kf1 Na2 42. Nc1 Nc3 43. Nbd3 Rd4 44. Nb2 Rb4 45. Ncd3 Rb3 46. Rc1 Nxa4
47. Nxa4 Rxd3 48. Rxc2 Ra3 49. Rc4 Kg7 50. Kg2 f5 51. h3 Kf6 52. Nc5 Ke5 53. Ra4
Rxa4 54. Nxa4 f4 55. gxf4+ Kxf4 56. Nc3 Ke5 57. Kf3 Kd4 58. Nb1 Kd3 59. Kf4 a4
60. f3 Kc2 61. Na3+ Kb3 62. Nb1 Kc2 63. Na3+ Kb3 64. Nb1 Kc2 65. Ke5 1/2-1/2

[Event "TechM GCL 2025"]
[Site "Mumbai IND"]
[Date "2025.12.21"]
[Round "9.2"]
[White "Murzin, Volodar"]
[Black "Mendonca, Leon Luke"]
[Result "1-0"]
[WhiteTitle "GM"]
[BlackTitle "GM"]
[WhiteElo "2648"]
[BlackElo "2615"]
[WhiteTeam "Fyers American Gambits"]
[BlackTeam "Alpine SG Pipers"]
[WhiteFideId "44155573"]
[BlackFideId "35028561"]
[EventDate "2025.12.14"]

1. e4 c5 2. Nf3 d6 3. d4 cxd4 4. Nxd4 Nf6 5. Nc3 a6 6. Be3 e6 7. Be2 Be7 8. O-O
O-O 9. f4 Qc7 10. Bf3 Nc6 11. Nb3 b5 12. a3 Bb7 13. Qd2 Rac8 14. Rfd1 Rfe8 15.
Qf2 Nd7 16. Rd2 Nc5 17. Rad1 Na4 18. Nxa4 bxa4 19. Bb6 Qb8 20. Nc1 Ba8 21. b4
axb3 22. cxb3 Bd8 23. Bxd8 Rexd8 24. Qe3 Ne7 25. b4 d5 26. Ne2 h6 27. h3 Re8 28.
e5 Nf5 29. Qf2 Rc4 30. Bg4 Ne7 31. Nd4 Nc6 32. Be2 Rc3 33. Rd3 Rc4 34. R3d2 Rc3
35. Rc2 Rxc2 36. Nxc2 Bb7 37. Bd3 Rc8 38. Rb1 Ne7 39. Nd4 Qc7 40. Qe3 Qc3 41.
Kf2 g6 42. a4 Qa3 43. Bc2 Qa2 44. Qb3 Qxb3 45. Bxb3 Nf5 46. Ne2 d4 47. g4 Ne3
48. Nxd4 Nd5 49. f5 gxf5 50. gxf5 exf5 51. Nxf5 Rc7 52. b5 axb5 53. axb5 Nf4 54.
Ke3 Nxh3 55. Nd6 Bg2 56. b6 Re7 57. Bxf7+ Kg7 58. Kd4 Ng5 59. Bd5 Bxd5 60. Nf5+
Kf8 61. Nxe7 Bb7 62. Ng6+ Kf7 63. Nh4 Ne6+ 64. Ke3 Nc5 65. Rc1 Ne6 66. Rf1+ Ke7
67. Ng6+ Ke8 68. Rf6 Nc5 69. e6 1-0

[Event "TechM GCL 2025"]
[Site "Mumbai IND"]
[Date "2025.12.21"]
[Round "9.3"]
[White "Vachier-Lagrave, Maxime"]
[Black "Gukesh, D"]
[Result "1-0"]
[WhiteTitle "GM"]
[BlackTitle "GM"]
[WhiteElo "2734"]
[BlackElo "2754"]
[WhiteTeam "Upgrad Mumba Masters"]
[BlackTeam "PBG Alaskan Knights"]
[WhiteFideId "623539"]
[BlackFideId "46616543"]
[EventDate "2025.12.14"]

1. e4 c5 2. Nf3 d6 3. d4 cxd4 4. Nxd4 Nf6 5. Nc3 a6 6. Be3 e5 7. Nf3 Be7 8. Bc4
O-O 9. O-O Nc6 10. Re1 Be6 11. Nd5 b5 12. Nxf6+ Bxf6 13. Bd5 Bxd5 14. Qxd5 Qc7
15. c3 Rfd8 16. a4 Ne7 17. Qd3 Qc6 18. axb5 axb5 19. Rxa8 Rxa8 20. h4 d5 21. Bg5
dxe4 22. Rxe4 Ng6 23. g3 Rd8 24. Qe2 h5 25. Rb4 Rd5 26. Bxf6 gxf6 27. Nh2 f5 28.
Qxh5 e4 29. Rd4 Rxd4 30. cxd4 Qc1+ 31. Nf1 f4 32. Qxb5 fxg3 33. fxg3 Qd1 34.
Qe8+ Nf8 35. Qxe4 Ne6 36. d5 Nc7 37. h5 Nxd5 38. Qe8+ Kg7 39. h6+ Kxh6 40. Qxf7
Qd4+ 41. Qf2 Qe5 42. Nh2 Kg6 43. Nf3 Qe4 44. Nh4+ Kg5 45. Qd2+ Kg4 46. Kf2 Nb4
47. Qd1+ Kg5 48. Nf3+ Kg6 49. Qd6+ Kh5 50. Qe5+ Qxe5 51. Nxe5 Kg5 52. Kf3 Kf5
53. Nc4 Nd3 54. b3 Ne1+ 55. Ke2 1-0

[Event "TechM GCL 2025"]
[Site "Mumbai IND"]
[Date "2025.12.21"]
[Round "9.3"]
[White "So, Wesley"]
[Black "Erigaisi, Arjun"]
[Result "1/2-1/2"]
[WhiteTitle "GM"]
[BlackTitle "GM"]
[WhiteElo "2753"]
[BlackElo "2775"]
[WhiteTeam "Upgrad Mumba Masters"]
[BlackTeam "PBG Alaskan Knights"]
[WhiteFideId "5202213"]
[BlackFideId "35009192"]
[EventDate "2025.12.14"]

1. d4 Nf6 2. c4 g6 3. Nc3 Bg7 4. e4 d6 5. Be2 O-O 6. Nf3 e5 7. O-O h6 8. Rb1 Nc6
9. d5 Nd4 10. Nxd4 exd4 11. Qxd4 Re8 12. Qd3 Nxe4 13. Nxe4 Rxe4 14. Qxe4 Bf5 15.
Qf3 Bxb1 16. Bxh6 Bxh6 17. Rxb1 Qg5 18. g3 Re8 19. Qd3 a5 20. h4 Qd2 21. Kf1
Qxd3 22. Bxd3 Bg7 23. Kg2 Bf6 24. Kf3 Kg7 25. b3 b6 26. Rh1 Bc3 27. Be2 Bf6 28.
Bd3 Bc3 29. Be2 Bf6 30. g4 Rh8 31. Kg3 Re8 32. Kf3 Rh8 33. h5 gxh5 34. gxh5 Kh6
35. Ke4 Re8+ 36. Kd3 Bg5 37. Rh3 Re5 38. Rf3 Kg7 39. Rg3 Kh6 40. Rf3 Kg7 41. Rg3
Kh6 42. Rg4 Rf5 43. f3 Rf4 44. Rxf4 Bxf4 45. Ke4 Kg5 46. Bd3 Bc1 47. h6 Kxh6 48.
Kf5 Kg7 49. Ke4 1/2-1/2

[Event "TechM GCL 2025"]
[Site "Mumbai IND"]
[Date "2025.12.21"]
[Round "9.3"]
[White "Mamedyarov, Shakhriyar"]
[Black "Dominguez Perez, Leinier"]
[Result "0-1"]
[WhiteTitle "GM"]
[BlackTitle "GM"]
[WhiteElo "2730"]
[BlackElo "2738"]
[WhiteTeam "Upgrad Mumba Masters"]
[BlackTeam "PBG Alaskan Knights"]
[WhiteFideId "13401319"]
[BlackFideId "3503240"]
[EventDate "2025.12.14"]

1. c4 c6 2. Nf3 d5 3. d4 Nf6 4. Nc3 e6 5. Qd3 dxc4 6. Qxc4 b5 7. Qd3 a6 8. g4
Nxg4 9. Rg1 Nf6 10. e4 Bb7 11. Bf4 Nbd7 12. O-O-O g6 13. Kb1 Be7 14. Bh3 Qa5 15.
Ng5 b4 16. Ne2 Qb5 17. Qf3 O-O 18. e5 c5 19. Qg3 Ne4 20. Qe3 Bxg5 21. Bxg5 Nb6
22. Bf6 Nxf6 23. exf6 Nd5 24. Qh6 Nxf6 25. Nf4 Be4+ 26. Ka1 c4 27. Qh4 Kg7 28.
d5 c3 29. f3 cxb2+ 30. Kxb2 Qc4 31. fxe4 Qc3+ 32. Kb1 b3 33. Qf2 bxa2+ 34. Kxa2
Qa5+ 35. Kb3 Rab8+ 36. Kc4 Rfc8+ 37. Kd3 Rc3+ 38. Ke2 Rb2+ 39. Rd2 Rxd2+ 40.
Kxd2 Rf3+ 0-1

[Event "TechM GCL 2025"]
[Site "Mumbai IND"]
[Date "2025.12.21"]
[Round "9.3"]
[White "Koneru, Humpy"]
[Black "Lagno, Kateryna"]
[Result "1/2-1/2"]
[WhiteTitle "GM"]
[BlackTitle "GM"]
[WhiteElo "2535"]
[BlackElo "2508"]
[WhiteTeam "Upgrad Mumba Masters"]
[BlackTeam "PBG Alaskan Knights"]
[WhiteFideId "5008123"]
[BlackFideId "14109336"]
[EventDate "2025.12.14"]

1. Nf3 d5 2. d4 Nf6 3. c4 e6 4. Nc3 Be7 5. Bg5 h6 6. Bh4 O-O 7. e3 dxc4 8. Bxc4
c5 9. O-O cxd4 10. exd4 Nc6 11. Re1 Nh5 12. Bxe7 Nxe7 13. d5 exd5 14. Nxd5 Nxd5
15. Qxd5 Qxd5 16. Bxd5 Nf4 17. Bb3 Be6 18. Bxe6 Nxe6 19. Rac1 Rac8 20. g3 Rfd8
21. Kf1 Kf8 22. h4 Rxc1 23. Rxc1 Ke7 24. Ke2 Rd5 25. Rc3 Rb5 26. b3 Ra5 27. a4
Rd5 28. Ke3 a6 29. Nd2 Re5+ 30. Kd3 Rd5+ 31. Ke3 Re5+ 32. Kd3 Rd5+ 33. Ke3 1/2-1/2

[Event "TechM GCL 2025"]
[Site "Mumbai IND"]
[Date "2025.12.21"]
[Round "9.3"]
[White "Dronavalli, Harika"]
[Black "Khademalsharieh, Sarasadat"]
[Result "0-1"]
[WhiteTitle "GM"]
[BlackTitle "IM"]
[WhiteElo "2466"]
[BlackElo "2414"]
[WhiteTeam "Upgrad Mumba Masters"]
[BlackTeam "PBG Alaskan Knights"]
[WhiteFideId "5015197"]
[BlackFideId "12512214"]
[EventDate "2025.12.14"]

1. Nf3 d5 2. g3 g6 3. Bg2 Bg7 4. O-O Nf6 5. c4 c6 6. b3 Ne4 7. d4 O-O 8. Bb2 Nd7
9. e3 a5 10. a4 Ndf6 11. Ne5 Be6 12. Qc2 Bf5 13. Qe2 Nd7 14. f3 Nef6 15. cxd5
cxd5 16. Nc3 Be6 17. Rfd1 Nb8 18. Nb5 Nc6 19. Rac1 Rc8 20. Nd3 Nd7 21. Nf4 Qb6
22. Ba3 Bf6 23. Nxe6 fxe6 24. Bh3 Nb4 25. f4 Rfd8 26. Qd2 Na6 27. Rxc8 Rxc8 28.
Rc1 Rd8 29. Qc2 Nf8 30. Bf1 Kf7 31. Bd3 Nd7 32. g4 Ndb8 33. g5 Bg7 34. h4 Nc6
35. h5 Nab4 36. hxg6+ Kf8 37. Bxb4 Nxb4 38. Qe2 e5 39. fxe5 Nxd3 40. Qxd3 hxg6
41. Qe2 Kg8 42. Qg4 Rf8 43. Rc8 e6 44. Rxf8+ Kxf8 45. Qf3+ Ke7 46. Qe2 Qc6 47.
Qd2 b6 48. Qc3 Kd7 49. Qd3 Bf8 50. Kg2 Be7 51. Kf3 Bxg5 52. Qxg6 Be7 53. Qd3 Qc1
54. Qe2 Qh1+ 55. Qg2 Qd1+ 56. Qe2 Qxb3 57. Na7 Qxa4 58. Qa6 Qd1+ 59. Kg3 Qg1+
60. Kf3 Qh1+ 61. Ke2 Qg2+ 62. Kd1 Qg1+ 63. Kd2 Bb4+ 64. Kc2 Qf2+ 65. Kb1 Qe1+
66. Kc2 Qc3+ 67. Kd1 Qd2# 0-1

[Event "TechM GCL 2025"]
[Site "Mumbai IND"]
[Date "2025.12.21"]
[Round "9.3"]
[White "Daneshvar, Bardiya"]
[Black "Dardha, Daniel"]
[Result "1-0"]
[WhiteTitle "GM"]
[BlackTitle "GM"]
[WhiteElo "2600"]
[BlackElo "2603"]
[WhiteTeam "Upgrad Mumba Masters"]
[BlackTeam "PBG Alaskan Knights"]
[WhiteFideId "12576468"]
[BlackFideId "240990"]
[EventDate "2025.12.14"]

1. e4 c5 2. c3 Nf6 3. e5 Nd5 4. Bc4 Nb6 5. Bb3 d6 6. exd6 c4 7. Bc2 Qxd6 8. Na3
g6 9. Qe2 Be6 10. Nf3 Bg7 11. b3 cxb3 12. axb3 O-O 13. O-O Nc6 14. Nc4 Qc7 15.
d4 Bd5 16. Be4 Rad8 17. Re1 Bxe4 18. Qxe4 Nd5 19. Bd2 e6 20. Rac1 b5 21. Nce5
Nxe5 22. dxe5 Ne7 23. c4 bxc4 24. bxc4 Nc6 25. Bg5 Rd7 26. Bf6 a5 27. Ra1 Rc8
28. Bxg7 Kxg7 29. h4 Qd8 30. Qf4 Nd4 31. Re4 Nb3 32. Ra3 Nc5 33. Rd4 Rxd4 34.
Nxd4 h6 35. Nb5 a4 36. Nd6 Rc7 37. Rf3 Qe7 38. Qe3 Qf8 39. Qa3 Qd8 40. h5 g5 41.
Qb4 Kg8 42. Qb6 Nd7 43. Qa5 Nf8 44. Rxf7 Rd7 45. Qxd8 Rxd8 46. Ra7 Nd7 47. Rxa4
Nxe5 48. c5 Rb8 49. g3 g4 50. Re4 Nf3+ 51. Kg2 Ng5 52. Rxg4 Rb2 53. Ne4 Rb4 54.
Nf6+ 1-0